|
|
|
|
| LEADER |
00000naa2a2200000 4500 |
| 001 |
93875 |
| 005 |
20231031105425.0 |
| 035 |
|
|
|a (RuTPU)RU\TPU\book\100558
|
| 090 |
|
|
|a 93875
|
| 100 |
|
|
|a 20060404d2005 k y0rusy50 ca
|
| 101 |
0 |
|
|a rus
|
| 102 |
|
|
|a RU
|
| 200 |
1 |
|
|a Влияние динамических факторов на устойчивость ленточных пил
|f И. В. Слепченко, В. К. Шилько, А. А. Кондратюк
|
| 320 |
|
|
|a Библиогр.: 6 назв.
|
| 461 |
|
1 |
|0 (RuTPU)RU\TPU\book\96566
|t Современные техника и технологии
|o 11-я международная научно-практическая конференция студентов, аспирантов и молодых ученых, г. Томск, 29-марта - 2 апреля 2005 г.: труды
|f Томский политехнический университет
|d 2005
|
| 463 |
|
0 |
|0 (RuTPU)RU\TPU\book\96163
|t Т. 1
|v С. 222-224
|d 2005
|p 404 с.
|
| 610 |
1 |
|
|a ленточные пилы
|
| 610 |
1 |
|
|a пилы
|
| 610 |
1 |
|
|a динамика
|
| 610 |
1 |
|
|a устойчивость
|
| 610 |
1 |
|
|a кинетостатика
|
| 610 |
1 |
|
|a труды учёных ТПУ
|
| 700 |
|
1 |
|a Слепченко
|b И. В.
|
| 701 |
|
1 |
|a Шилько
|b В. К.
|
| 701 |
|
1 |
|a Кондратюк
|b А. А.
|
| 801 |
|
1 |
|a RU
|b 63413507
|c 20060404
|g PSBO
|
| 801 |
|
2 |
|a RU
|b 63413507
|c 20141031
|g RCR
|
| 942 |
|
|
|c BK
|